000 00289nam a22001337a 4500
008 180827b xxu||||| |||| 00| 0 eng d
020 _a9780558158507
041 _aeng
080 _a82
100 _a22
101 _aGJU
245 _aAMERICAN LITERATURE
_c BRYANT.J
942 _2udc
_cBK
999 _c47335
_d47335